000 01009nam a2200301 i 4500
003 EG-GICUC
005 20260426105754.0
008 260426s1908 fr adlafr|||| 001 0 fre d
040 _aEG-GiCUC
_bfre
_cEG-GiCUC
_dEG-GiCUC
_eRda
041 0 _afre
082 0 4 _221
_a343.35
_bRI . E
092 0 4 _221
099 _aLaw1 10 343.35 RI . E 1 ed - 1908
100 1 _a Richaud, G.
_eAuteur
245 _aÉtude Critique Du Casier Judiciaire:
_b En France Et Dans Les Pays Étrangers/
_c Par G. Richaud.
264 _a Paris :
_bAlbert Fontemoing, Éditeur,
_c1908.
300 _a148 page :
_btableaux ;
_c 24 cm.
336 _2rda contenu
_a texte
337 _2rda medias
_aOrdinateur
338 _2 transporteur rda
_a Ressource en ligne
504 _a MÉMOIRE COURONNÉ PAR L'INSTITUT.
650 1 4 _aDroit pénal.
_2qrmak
651 1 _2qrmak
710 _a ALBERT FONTEMOING,
_eÉditeur
856 4 0 _uhttps://fll.law.cu.edu.eg/fulltext/bks/B10-10630.pdf
905 _a171
942 _2ddc
_cBK
_e21
_n0
999 _c73443
_d73443